00756cam a2200241 a 4500001000800000005001700008008004100025010001700066020003200083040001800115041000800133043001200141080001500153082001900168100000700187101000800194245006000202504006400262906004500326942001200371999001700383952011400400306964520180302040542.0970403s1997 nyua b 001 0 eng  a 97008707  a1572302356 (acidfree paper) aDLCcDLCdDLC aeng an-us--- a306.89 STE00a306.89 STE221 a50 aSOC00aSeparating together :cAbigail J. Stewart ... [et al.]. aIncludes bibliographical references (p. 275-281) and index. a7bcbccorignewd1eocipf19gy-gencatlg 2ddccBK c43948d43948 00102udc40708PËKGa002b002cPËKGd2018-03-02l0o306.89 STEp002-3000466r2018-03-02w2018-03-02yBK